Представление документа в формате MARC21

ПолеНазваниеЗначение
  Тип записи a
  Библиографический уровень m
001 Контрольный номер BIBLIOCLUB\0000621743
005 Дата корректировки 20260430154841.6
006 m o d
007 Элементы данных для физической характеристики c|||||||||||||
008 Кодируемые данные s2021 rus o rus d
020 Индекс ISBN __
a ISBN 978-5-8158-2193-4
041 Код языка издания 0_
a Код языка текста rus
084 Индекс другой классификации/Индекс ББК __
a Индекс другой классификации/Индекс ББК 22.185.41я73
b Номер единицы LBC/PL
2 Источник индекса rubbk
084 Индекс другой классификации/Индекс ББК __
a Индекс другой классификации/Индекс ББК 65.053я73
b Номер единицы LBC/PL
2 Источник индекса rubbk
100 Автор 1_
a Автор Репина О. М.
245 Заглавие 10
a Заглавие Моделирование экономических процессов
b Продолж. заглавия учебное пособие
c Ответственность О. М. Репина, С. А. Руденко
c Ответственность Поволжский государственный технологический университет
260 Выходные данные __
a Место издания Йошкар-Ола
b Издательство Поволжский государственный технологический университет
c Дата издания 2021
300 Физическое описание __
a Объем 112 с.
b Иллюстрации/ тип воспроизводства ил., табл., схем., граф.
504 Библиография __
a Библиография Библиогр. в кн
653 Ключевые слова 1_
a Ключевые слова Учебник для высшей школы
700 Другие авторы _1
a Другие авторы Руденко С. А.
856 Электронный адрес документа 40
3 Область применения данных поля Университетская библиотека ONLINE
u URL https://biblioclub.ru/index.php?page=book&id=621743
900 Электронные ресурсы __
a Имя электронного ресурса https://img.biblioclub.ru/sm_cover/19a39bf6b139a020f726449bcf02da8d16a2m3uobz/cover.jpg